|
|
|
|
| LEADER |
00000nab a2200000 a 4500 |
| 001 |
vtls000881680 |
| 003 |
SK-MaSNL |
| 005 |
20260304114122.0 |
| 008 |
250429c2004 xo 0 slo |
| 015 |
|
|
|a SNBRB2004/08-22887
|
| 035 |
|
|
|a CLN000233186
|
| 035 |
|
|
|a urn:nbn:sk:snk-ab9hho
|
| 035 |
|
|
|a (urnnbn)urn:nbn:sk:snk:ar-a08etv
|
| 035 |
|
|
|a (uuid)81282e78-3098-45d4-8ce2-3fa28d27bb8d
|
| 040 |
|
|
|a SNKBUCL
|b slo
|c SNKBUCL
|e AACR2
|
| 041 |
0 |
|
|a cze
|
| 044 |
|
|
|a xo
|c SK
|
| 080 |
|
|
|a 684(100)
|2 1997
|
| 245 |
0 |
0 |
|a Nábytkářství v zahraničí a trendy moderního nábytku
|b narůstá zájem lidí přizpůsobit domácí prostředí své individualitě
|
| 650 |
0 |
7 |
|a nábytkárstvo
|2 snkbucl
|9 20525
|
| 650 |
0 |
7 |
|a nábytok
|2 snkbucl
|9 3744
|
| 655 |
|
7 |
|a články z novín a časopisov
|2 snkbucl
|9 267496
|
| 773 |
0 |
|
|t Stolársky magazín
|g Roč. 5, č. 5 (2004), s. 54-55
|x 1335-7018
|
| 850 |
|
|
|a Slovenská národná knižnica
|
| 852 |
|
|
|a Slovenská národná knižnica
|
| 958 |
|
|
|a article13
|
| 958 |
|
|
|a OND
|
| 958 |
|
|
|a EUIPO
|
| 999 |
|
|
|c 2871865
|d 2873795
|